000 00847nam a2200217 a 4500
008 100212s1976 ||||||||||||||||| || u
050 _aGOV.TAN(08)6
100 _aKimati, V
245 1 0 _aHousing development in Kilimanjaro
_cBy V. Kimati, H. Helland and Z. Poonja
260 _aDar-es-Salaam:
_bNational Housing (Tanzania)
_c1976
300 _a81p.: ill.
350 _a0.00
500 _aWorking Report No. 6
650 _aHOUSING DEVELOPMENT--TANZANIA
650 _aHOUSING
650 _aHOUSING--RESEARCH--TANZANIA
700 _aPoonja, Z
700 _aHelland, H
710 _aGovernment of the Republic of Tanzania. Ministry of Lands, Housing and Urban Development
995 _D0.00
_FCBU-MAIN LIBRARY (Kitwe)
_H1
_I0.00
_M1
_UAVAILABLE
_WFeb 12, 2010
_ZInternational Publications
999 _c45725
_d45725